Solar-pumped lasers : (Record no. 171483)

MARC details
000 -LEADER
fixed length control field 01091nam a22003017a 4500
003 - CONTROL NUMBER IDENTIFIER
control field OSt
005 - DATE AND TIME OF LATEST TRANSACTION
control field 20250324131436.0
008 - FIXED-LENGTH DATA ELEMENTS--GENERAL INFORMATION
fixed length control field 250324b |||||||| |||| 00| 0 eng d
020 ## - INTERNATIONAL STANDARD BOOK NUMBER
International Standard Book Number 9783031247842 (hardcover)
040 ## - CATALOGING SOURCE
Original cataloging agency NUST
Language of cataloging eng
Transcribing agency NUST
Modifying agency NUST
Description conventions rda
050 ## - LIBRARY OF CONGRESS CALL NUMBER
Classification number TA1705 SOL
100 ## - MAIN ENTRY--PERSONAL NAME
Personal name Liang, Dawei
Relator term Author
245 ## - TITLE STATEMENT
Title Solar-pumped lasers :
Remainder of title with examples of numerical analysis of solid-state lasers /
Statement of responsibility, etc. Dawei Liang, Joana Almeida, Cláudia Vistas, Bruno Tibúrcio and Dário Garcia
260 ## - PUBLICATION, DISTRIBUTION, ETC.
Place of publication, distribution, etc. Cham :
Name of publisher, distributor, etc. Springer,
Date of publication, distribution, etc. 2023.
300 ## - PHYSICAL DESCRIPTION
Extent x, 312 pages :
Other physical details Illustrations ;
Dimensions 25 cm.
336 ## - CONTENT TYPE
Source rdamedia
Content type term text
Content type code txt
337 ## - MEDIA TYPE
Source rdamedia
Media type term unmediated
Media type code n
338 ## - CARRIER TYPE
Source rdamedia
Carrier type term volume
Carrier type code nc
440 ## - SERIES STATEMENT/ADDED ENTRY--TITLE
Title Green energy and technology.
504 ## - BIBLIOGRAPHY, ETC. NOTE
Bibliography, etc. note Includes bibliographical references.
650 ## - SUBJECT ADDED ENTRY--TOPICAL TERM
Form subdivision Solid-state lasers.
650 ## - SUBJECT ADDED ENTRY--TOPICAL TERM
Form subdivision Solar energy.
700 ## - ADDED ENTRY--PERSONAL NAME
Personal name Almeida, Joana
Relator term Author
700 ## - ADDED ENTRY--PERSONAL NAME
Personal name Vistas, Cláudia
Relator term Author
700 ## - ADDED ENTRY--PERSONAL NAME
Personal name Tibúrcio, Bruno
Relator term Author
700 ## - ADDED ENTRY--PERSONAL NAME
Personal name García G, Darío
Relator term Author
942 ## - ADDED ENTRY ELEMENTS (KOHA)
Source of classification or shelving scheme Library of Congress Classification
Koha item type Ordinary Loan Books
Classification part TA1705 SOL
Call number prefix TA
Call number suffix SOL
Suppress in OPAC No
Holdings
Withdrawn status Lost status Source of classification or shelving scheme Damaged status Not for loan Collection Home library Current library Shelving location Date acquired Source of acquisition Cost, normal purchase price Total Checkouts Full call number Barcode Date last seen Accession number Cost, replacement price Price effective from Koha item type Public note
    LCC     NFIC MAIN MAIN GEN 03/24/2025 Book Aid International 67.00   TA1705 SOL 92004055913 03/24/2025 61621 67.00 03/24/2025 BOOKS Donation